000 00874nam a2200253Ia 4500
003 OSt
005 20220923211643.0
006 a|||||r|||| 00| 0
007 ta
008 220922b |||||||| |||| 00| 0 san d
024 _a40,121
037 _cTextual
040 _aARTS
_cARTS
_bsan
041 _2san
_asan
082 _aO15:1D63:1, 152L4
100 _aभार; अमलधारी सिंह, संपा.
_9161243
245 0 _aकिरातार्जुनीयम्
246 _aKirātārjunīyam
260 _aवाराणसी
_b भारतीय विद्या प्रकाशन
_c1974
300 _a91पृ0
_ccm.
650 _aसंस्कृत साहित्य
942 _hO15:1D63:1, 152L4
_cTEXL
_2CC
999 _c302211
_d302211